[Event "Titled Tue 24th Jun Early"]
[Site "chess.com INT"]
[Date "2025.06.24"]
[Round "6"]
[White "Goncharov, Vladimir"]
[Black "Germanovs, Georgijs"]
[Result "0-1"]
[BlackTitle "CM"]
[WhiteElo "2077"]
[BlackElo "2260"]
[WhiteFideId "34162256"]
[BlackFideId "11609710"]
[EventDate "2025.06.24"]

1. d4 Nf6 2. c4 c5 3. d5 b5 4. cxb5 a6 5. b6 d6 6. Nc3 Nbd7 7. e4 g6 8. a4 Qxb6
9. a5 Qc7 10. f4 Bg7 11. Nf3 O-O 12. Bc4 Qb8 13. O-O Qc7 14. Kh1 Rb8 15. Qd3 Rb4
16. Ra2 Bb7 17. Bd2 e6 18. dxe6 fxe6 19. Bxe6+ Kh8 20. Ng5 Rd4 21. Qe2 h6 22.
Nf3 Rb4 23. Bxd7 Qxd7 24. e5 Nh5 25. Nh4 Kh7 26. e6 Qe8 27. Qd3 Nxf4 28. Qxd6
Rd4 29. Qc7 Nxe6 30. Rxf8 Qxf8 0-1

[Event "Titled Tue 24th Jun Early"]
[Site "chess.com INT"]
[Date "2025.06.24"]
[Round "6"]
[White "Domin, Yan"]
[Black "Dyulgerov, Volen"]
[Result "1-0"]
[WhiteTitle "FM"]
[BlackTitle "CM"]
[WhiteElo "2222"]
[BlackElo "2200"]
[WhiteFideId "34169342"]
[BlackFideId "2918978"]
[EventDate "2025.06.24"]

1. e4 e5 2. Nf3 d5 3. exd5 e4 4. Qe2 Nf6 5. Nc3 Be7 6. Nxe4 O-O 7. Nxf6+ Bxf6 8.
d4 Qxd5 9. Be3 Bg4 10. c3 Re8 11. Qb5 Qd8 12. Qxb7 Nd7 13. O-O-O Rb8 14. Qd5 Be6
15. Qa5 Nb6 16. Ne5 Qd6 17. c4 Bf5 18. Be2 c5 19. f4 Rec8 20. dxc5 Nxc4 21. Bxc4
Bxe5 22. Rxd6 Bxd6 23. Qxa7 Bxc5 24. Bxc5 Ra8 25. Qxf7+ Kh8 26. Bd4 1-0

[Event "Titled Tue 24th Jun Early"]
[Site "chess.com INT"]
[Date "2025.06.24"]
[Round "6"]
[White "Zou, Chen"]
[Black "Linares Orellana, Hector Jose"]
[Result "1-0"]
[WhiteTitle "IM"]
[BlackTitle "FM"]
[WhiteElo "2443"]
[BlackElo "2111"]
[WhiteFideId "8610959"]
[BlackFideId "7304307"]
[EventDate "2025.06.24"]

1. e4 c5 2. Nf3 Nc6 3. d4 cxd4 4. Nxd4 Nf6 5. Nc3 e5 6. Ndb5 d6 7. Bg5 a6 8. Na3
b5 9. Nd5 Be7 10. Bxf6 Bxf6 11. c3 O-O 12. Nc2 Bg5 13. a4 bxa4 14. Rxa4 a5 15.
Bc4 Kh8 16. Nce3 f5 17. exf5 Bxf5 18. Nxf5 Rxf5 19. Bd3 Rf8 20. O-O Ne7 21. Be4
Nxd5 22. Qxd5 Rb8 23. b3 Qc7 24. Rc4 Qb6 25. b4 Rxf2 26. Rxf2 Rf8 27. Qc5 Qxc5
28. bxc5 Be3 29. cxd6 Bxf2+ 30. Kh1 Bc5 31. g3 Bxd6 32. Rc6 Rf6 33. Ra6 g6 34.
Rxa5 Kg7 35. c4 Rf1+ 36. Kg2 Re1 37. Kf3 Rc1 38. Bd5 h6 39. Ra7+ Kf6 40. Rf7+
Kg5 41. h4+ Kh5 42. Rf5+ gxf5 43. Bf7# 1-0

[Event "Titled Tue 24th Jun Early"]
[Site "chess.com INT"]
[Date "2025.06.24"]
[Round "6"]
[White "Indjic, Aleksandar"]
[Black "Livaic, Leon"]
[Result "1-0"]
[WhiteTitle "GM"]
[BlackTitle "GM"]
[WhiteElo "2661"]
[BlackElo "2550"]
[WhiteFideId "911925"]
[BlackFideId "14531534"]
[EventDate "2025.06.24"]

1. e4 d6 2. d4 Nf6 3. Nc3 e5 4. Nf3 Nbd7 5. Be2 Be7 6. O-O O-O 7. a4 c6 8. Re1
a5 9. b3 exd4 10. Nxd4 Nc5 11. Bf1 Re8 12. Bb2 Bf8 13. Qf3 Qb6 14. h3 Ncd7 15.
Rad1 Ne5 16. Qg3 Ng6 17. Bc4 Ne5 18. Bf1 Ng6 19. Nf5 Bxf5 20. exf5 Ne5 21. Ne4
Nxe4 22. Rxe4 Qc5 23. Rde1 Qxc2 24. R1e2 Qd1 25. f4 Nd3 26. Rxe8 Rxe8 27. Rxe8
Nxb2 28. Qe3 1-0

[Event "Titled Tue 24th Jun Early"]
[Site "chess.com INT"]
[Date "2025.06.24"]
[Round "6"]
[White "Mekhitarian, Krikor Sevag"]
[Black "Seiger, Vidar"]
[Result "1-0"]
[WhiteTitle "GM"]
[BlackTitle "CM"]
[WhiteElo "2564"]
[BlackElo "2224"]
[WhiteFideId "2107660"]
[BlackFideId "1756079"]
[EventDate "2025.06.24"]

1. Nf3 c5 2. c4 g6 3. e4 Nc6 4. d4 cxd4 5. Nxd4 Nf6 6. Nc3 d6 7. Be2 Nxd4 8.
Qxd4 Bg7 9. Be3 O-O 10. Qd2 a5 11. O-O a4 12. Bd4 Qa5 13. Rad1 Be6 14. f4 Rfc8
15. b3 axb3 16. axb3 Qb4 17. f5 Bd7 18. Bxf6 Bxf6 19. Nd5 Qc5+ 20. Kh1 Kg7 21.
b4 Qc6 22. Nxf6 exf6 23. fxg6 hxg6 24. Qf4 f5 25. Rxd6 Qc7 26. exf5 Bxf5 27. c5
Rd8 28. Rxg6+ 1-0

[Event "Titled Tue 24th Jun Early"]
[Site "chess.com INT"]
[Date "2025.06.24"]
[Round "6"]
[White "Chitre Arush"]
[Black "Papasimakopoulos, Alexandros"]
[Result "1-0"]
[WhiteTitle "CM"]
[BlackTitle "IM"]
[WhiteElo "2151"]
[BlackElo "2366"]
[WhiteFideId "25959026"]
[BlackFideId "4244125"]
[EventDate "2025.06.24"]

1. d4 e6 2. Nf3 d5 3. Bf4 Bd6 4. Bg3 Ne7 5. e3 Nf5 6. c3 Nd7 7. Nbd2 h6 8. Bd3
Nxg3 9. hxg3 e5 10. dxe5 Nxe5 11. Nxe5 Bxe5 12. Nf3 Bf6 13. Qb3 c6 14. O-O-O Qb6
15. Qc2 Be6 16. e4 dxe4 17. Bxe4 Bxa2 18. Bh7 Be6 19. Bf5 Bxf5 20. Qxf5 O-O 21.
Rxh6 gxh6 22. Qxf6 Rfe8 23. Rd7 Rf8 24. Qxh6 Rad8 25. Ng5 Rxd7 26. Qh7# 1-0

[Event "Titled Tue 24th Jun Early"]
[Site "chess.com INT"]
[Date "2025.06.24"]
[Round "6"]
[White "Akshat Sureka"]
[Black "Punin, Andrii"]
[Result "0-1"]
[WhiteTitle "FM"]
[BlackTitle "FM"]
[WhiteElo "2339"]
[BlackElo "2289"]
[WhiteFideId "25774492"]
[BlackFideId "14112639"]
[EventDate "2025.06.24"]

1. c4 c5 2. Nc3 Nf6 3. g3 d5 4. cxd5 Nxd5 5. Bg2 Nc7 6. Nf3 Nc6 7. O-O e5 8. d3
Be7 9. a3 f6 10. Be3 Ne6 11. Qa4 O-O 12. Rfc1 Kh8 13. Rab1 a5 14. Ne4 Ncd4 15.
Bxd4 exd4 16. b4 Bd7 17. b5 b6 18. Ned2 Rb8 19. Nc4 Nc7 20. Nfd2 Qe8 21. Qc2
Bxb5 22. Nb2 Bc6 23. a4 Bxg2 24. Kxg2 Nd5 25. Nbc4 Nb4 26. Qa2 Qc6+ 0-1

[Event "Titled Tue 24th Jun Early"]
[Site "chess.com INT"]
[Date "2025.06.24"]
[Round "6"]
[White "Mishra, Manoj"]
[Black "Aakash, G"]
[Result "0-1"]
[WhiteTitle "CM"]
[BlackTitle "FM"]
[WhiteElo "1941"]
[BlackElo "2123"]
[WhiteFideId "5006007"]
[BlackFideId "25644394"]
[EventDate "2025.06.24"]

1. e4 e6 2. d4 d5 3. Nc3 Nf6 4. e5 Nfd7 5. f4 c5 6. Nf3 Nc6 7. Be3 a6 8. Qd2 b5
9. Be2 Bb7 10. Nd1 Qb6 11. O-O Rc8 12. c3 b4 13. Bd3 cxd4 14. cxd4 Na5 15. b3 g6
16. f5 exf5 17. Ng5 Be7 18. e6 fxe6 19. Re1 O-O 20. Nxe6 Qxe6 21. Bh6 Qf6 22.
Bxf8 Qxd4+ 23. Kh1 Bxf8 24. Ne3 Bg7 25. Rad1 Qc3 26. Qe2 Ne5 27. Bxa6 d4 28.
Bxb7 Nxb7 29. Nd5 Qc5 30. Rxd4 Rd8 31. Red1 Kh8 32. Qa6 Ng4 33. R4d2 Rxd5 34.
Qa8+ Bf8 35. Qxf8+ Qxf8 36. Rxd5 Nf2+ 0-1

[Event "Titled Tue 24th Jun Early"]
[Site "chess.com INT"]
[Date "2025.06.24"]
[Round "6"]
[White "Moussard, Jules"]
[Black "Atanasov, Anthony"]
[Result "1-0"]
[WhiteTitle "GM"]
[BlackTitle "IM"]
[WhiteElo "2597"]
[BlackElo "2417"]
[WhiteFideId "642908"]
[BlackFideId "2623897"]
[EventDate "2025.06.24"]

1. c4 e6 2. Nc3 d5 3. d4 Nf6 4. cxd5 exd5 5. Bg5 Be7 6. e3 h6 7. Bh4 Bg4 8. Qb3
Nbd7 9. h3 Be6 10. Rd1 O-O 11. Nge2 c5 12. Nf4 c4 13. Qc2 b5 14. Nxb5 g5 15.
Nxe6 fxe6 16. Qg6+ Kh8 17. Qxh6+ Nh7 18. Bg3 Qa5+ 19. Nc3 Bb4 20. Be2 Qxa2 21.
Qxe6 Qxb2 22. O-O Bxc3 23. Qxd7 Qxe2 24. Be5+ Rf6 25. Rb1 Rf8 26. Rb7 1-0

[Event "Titled Tue 24th Jun Early"]
[Site "chess.com INT"]
[Date "2025.06.24"]
[Round "6"]
[White "Asensio Ramos, Enrique Fernando"]
[Black "Howell, David W L"]
[Result "0-1"]
[WhiteTitle "CM"]
[BlackTitle "GM"]
[WhiteElo "2200"]
[BlackElo "2668"]
[WhiteFideId "2214172"]
[BlackFideId "410608"]
[EventDate "2025.06.24"]

1. d4 e6 2. Nc3 Bb4 3. Qd3 d5 4. a3 Ba5 5. Bf4 Ne7 6. e3 O-O 7. h4 Nd7 8. Nf3 c5
9. Ng5 Ng6 10. h5 c4 11. Nxf7 cxd3 12. Nxd8 Nxf4 13. Nxe6 Bxc3+ 14. bxc3 d2+ 15.
Kxd2 Nxe6 16. f4 Nb6 17. g3 Nc7 18. Bd3 Bf5 19. Rhg1 Rae8 20. g4 Be4 21. Rg3 Re7
22. Rb1 Ne8 23. g5 Nd6 24. g6 Nbc4+ 25. Ke2 h6 26. a4 Rc8 27. Rb3 Kf8 28. Rg1
Ke8 29. Rf1 Kd7 30. f5 Rf8 31. f6 Rxf6 32. Rxf6 gxf6 33. Rb1 Ke6 34. Rg1 Rg7 35.
Kf2 f5 36. Ke2 Kf6 37. Kf2 Rc7 38. Ke2 Ne8 39. Rb1 Ng7 40. Kf2 Ne6 41. Ke2 Nd6
42. Rb3 Ng7 43. a5 Nxh5 44. a6 b6 45. g7 Nxg7 46. Rb1 Ne6 47. Rh1 Nf7 48. Rg1
Neg5 49. Ra1 Rxc3 50. Kd2 Rc7 51. Ra2 h5 52. Be2 h4 53. c4 h3 54. Ra1 h2 0-1

[Event "Titled Tue 24th Jun Early"]
[Site "chess.com INT"]
[Date "2025.06.24"]
[Round "6"]
[White "Predein, Vladimir"]
[Black "Jasinski, Alexander"]
[Result "1-0"]
[WhiteTitle "IM"]
[WhiteElo "2373"]
[BlackElo "1989"]
[WhiteFideId "4117786"]
[BlackFideId "55627994"]
[EventDate "2025.06.24"]

1. e4 c5 2. Nf3 d6 3. d4 cxd4 4. Qxd4 Nc6 5. Qe3 g6 6. Be2 Bg7 7. O-O Nf6 8. h3
O-O 9. c4 Be6 10. Nc3 Nd7 11. b3 a6 12. Bb2 Qa5 13. Rfd1 Nde5 14. Nxe5 Bxe5 15.
Rac1 Rfd8 16. a3 Qc7 17. f4 Bg7 18. Ba1 Na5 19. Nd5 Bxd5 20. Bxg7 Kxg7 21. cxd5
Qd7 22. Qc3+ f6 23. Qxa5 Rac8 24. Qd2 b5 25. Bg4 f5 26. exf5 gxf5 27. Qd4+ Kh6
28. Bf3 Rg8 29. Rxc8 Qxc8 30. Re1 Qe8 31. Re6+ Rg6 32. Rxg6+ hxg6 33. Qc3 Qb8
34. g4 Kh7 35. Qe3 Qc7 36. gxf5 gxf5 37. Qe6 Qc1+ 38. Kg2 Qb2+ 39. Be2 Qg7+ 40.
Kh2 Kh8 41. Qc8+ Kh7 42. Qxf5+ Kh8 43. Qc8+ Kh7 44. Bd3+ Kh6 45. Qe6+ Kh5 46.
Be2+ Kh4 47. Qg4+ Qxg4 48. Bxg4 a5 49. Bd7 a4 50. bxa4 b4 51. axb4 e5 52. dxe6
d5 53. Bb5 d4 54. Bd3 Kh5 55. a5 1-0

[Event "Titled Tue 24th Jun Early"]
[Site "chess.com INT"]
[Date "2025.06.24"]
[Round "6"]
[White "Bodemar, Jonathan"]
[Black "Exposito Milan, Adrian"]
[Result "0-1"]
[WhiteTitle "CM"]
[BlackTitle "FM"]
[WhiteElo "2150"]
[BlackElo "2179"]
[WhiteFideId "6205488"]
[BlackFideId "24556645"]
[EventDate "2025.06.24"]

1. e4 c5 2. Nc3 d6 3. g3 g6 4. Bg2 Bg7 5. d3 Nc6 6. Be3 Rb8 7. Qd2 b5 8. Nge2 b4
9. Nd1 Nd4 10. O-O e6 11. Nc1 Ne7 12. c3 bxc3 13. bxc3 Ndc6 14. Bh6 O-O 15. Bxg7
Kxg7 16. Ne2 a5 17. Ne3 Ba6 18. f4 f5 19. Rfd1 d5 20. exd5 Nxd5 21. d4 Bxe2 22.
Bxd5 Bxd1 23. Bxc6 cxd4 24. cxd4 Qb6 25. Qc3 Be2 26. d5+ Kh6 27. dxe6 Rbc8 28.
Rc1 Rxc6 0-1

[Event "Titled Tue 24th Jun Early"]
[Site "chess.com INT"]
[Date "2025.06.24"]
[Round "6"]
[White "Filippova, Margarita"]
[Black "Smieszek, Wojciech"]
[Result "0-1"]
[WhiteTitle "WFM"]
[BlackTitle "CM"]
[WhiteElo "2026"]
[BlackElo "2141"]
[WhiteFideId "34199680"]
[BlackFideId "1156047"]
[EventDate "2025.06.24"]

1. e4 c5 2. c3 g6 3. Nf3 Bg7 4. d4 cxd4 5. cxd4 d5 6. e5 Nh6 7. h3 O-O 8. Nc3
Bf5 9. Be2 Nc6 10. O-O Be4 11. Bxh6 Bxh6 12. Ne1 e6 13. Bf3 Bxf3 14. Nxf3 Bg7
15. Re1 f6 16. exf6 Qxf6 17. Ne2 Kh8 18. Rc1 Rad8 19. Rc3 e5 20. dxe5 Nxe5 21.
Rb3 Nxf3+ 22. Rxf3 Qb6 23. Rxf8+ Rxf8 24. Rf1 Qxb2 25. Ng3 Qxa2 26. h4 b5 27. h5
b4 28. hxg6 hxg6 29. Qg4 Qc2 30. Qh3+ Kg8 31. Qe6+ Rf7 32. Qxd5 b3 33. Qd8+ Bf8
34. f4 b2 35. Qb8 Qc5+ 36. Rf2 Qc1+ 37. Rf1 b1=Q 38. Qxb1 Bc5+ 39. Kh2 Rh7+ 40.
Nh5 Rxh5+ 41. Kg3 Qxb1 42. Rxb1 Bb6 43. Rd1 Rb5 44. Rd6 Kf7 45. Kg4 a5 46. Rd7+
Ke6 47. Rg7 a4 48. Rd7 Kxd7 0-1

[Event "Titled Tue 24th Jun Early"]
[Site "chess.com INT"]
[Date "2025.06.24"]
[Round "6"]
[White "Jiang, Andrew"]
[Black "Sanhueza, Cristian"]
[Result "1-0"]
[WhiteTitle "FM"]
[BlackTitle "FM"]
[WhiteElo "2242"]
[BlackElo "2213"]
[WhiteFideId "30953510"]
[BlackFideId "116815"]
[EventDate "2025.06.24"]

1. Nf3 Nf6 2. b3 g6 3. Bb2 Bg7 4. g3 O-O 5. Bg2 c5 6. c4 Nc6 7. d4 Ne4 8. O-O
Qa5 9. e3 d6 10. Qc1 cxd4 11. exd4 e5 12. d5 Nb4 13. Nxe5 Nxf2 14. Rxf2 dxe5 15.
Qd2 Qb6 16. Nc3 Bf5 17. Na4 Qxf2+ 18. Kxf2 Nd3+ 19. Kg1 Nxb2 20. Nxb2 e4 21. Re1
Rfe8 22. Nd1 a5 23. Ne3 Bd7 24. a4 f5 25. c5 Rad8 26. Nc4 Bc8 27. Nd6 Rf8 28.
Qxa5 Bd4+ 29. Kh1 e3 30. Nxc8 Rxc8 31. b4 Rfe8 32. d6 Rcd8 33. Bxb7 e2 34. Bf3
Bc3 1-0

[Event "Titled Tue 24th Jun Early"]
[Site "chess.com INT"]
[Date "2025.06.24"]
[Round "6"]
[White "Niemann, Hans Moke"]
[Black "Adhiban, Baskaran"]
[Result "1-0"]
[WhiteTitle "GM"]
[BlackTitle "GM"]
[WhiteElo "2736"]
[BlackElo "2509"]
[WhiteFideId "2093596"]
[BlackFideId "5018471"]
[EventDate "2025.06.24"]

1. e4 c5 2. Nf3 Nc6 3. Bb5 d6 4. O-O Bd7 5. Re1 a6 6. Bxc6 Bxc6 7. d4 cxd4 8.
Nxd4 Rc8 9. c4 e6 10. Nc3 Bd7 11. Qb3 Qc7 12. Be3 Nf6 13. f3 Be7 14. Rac1 O-O
15. Na4 Bxa4 16. Qxa4 Nd7 17. Qd1 Rfd8 18. Qe2 Bf6 19. b3 Qa5 20. Red1 h5 21.
Rc2 Ne5 22. Qd2 Qc7 23. h3 h4 24. Bf2 Ng6 25. Ne2 d5 26. exd5 exd5 27. c5 d4 28.
Nxd4 Rd5 29. Qe1 Rcd8 30. Rcd2 Nf4 31. Nc2 Nd3 32. Rxd3 Rxd3 33. Rxd3 Rxd3 34.
Qe8+ 1-0

[Event "Titled Tue 24th Jun Early"]
[Site "chess.com INT"]
[Date "2025.06.24"]
[Round "6"]
[White "Hayrapetyan, Edgar"]
[Black "Melillo, Lucius"]
[Result "1-0"]
[WhiteTitle "FM"]
[BlackTitle "FM"]
[WhiteElo "2161"]
[BlackElo "2170"]
[WhiteFideId "13313568"]
[BlackFideId "30958245"]
[EventDate "2025.06.24"]

1. e4 c6 2. d4 d5 3. Nc3 dxe4 4. Nxe4 Nf6 5. Ng5 c5 6. dxc5 Qxd1+ 7. Kxd1 e5 8.
N1f3 h6 9. Nh3 e4 10. Ne5 Bxh3 11. gxh3 Bxc5 12. Bb5+ Ke7 13. Ke2 Nbd7 14. Nxd7
Nxd7 15. Bf4 Nb6 16. Kf1 Rac8 17. c3 g5 18. Bg3 f5 19. Be5 Rhd8 20. h4 Rd2 21.
Be2 f4 22. Ke1 Rd5 23. Bg7 Rc6 24. Rd1 Rxd1+ 25. Bxd1 Rg6 26. Bh8 Rg8 27. Be5
Ke6 28. Bc7 Rc8 29. Bg4+ Kd5 30. Bxc8 Nxc8 31. hxg5 hxg5 32. Rg1 Be7 33. Ke2 Ke6
34. Rd1 Nd6 35. Bxd6 Bxd6 36. f3 Ke5 37. c4 1-0

[Event "Titled Tue 24th Jun Early"]
[Site "chess.com INT"]
[Date "2025.06.24"]
[Round "6"]
[White "Ochedzan, Filip"]
[Black "Liashkevich, Lizaveta"]
[Result "0-1"]
[WhiteTitle "CM"]
[BlackTitle "WFM"]
[WhiteElo "1983"]
[BlackElo "2204"]
[WhiteFideId "21892610"]
[BlackFideId "13518658"]
[EventDate "2025.06.24"]

1. Nf3 d5 2. g3 Nf6 3. Bg2 e6 4. O-O Be7 5. d4 O-O 6. c4 c6 7. Nc3 b6 8. b3 Ba6
9. cxd5 cxd5 10. Bb2 b5 11. a3 Nbd7 12. b4 Nb6 13. e3 Nc4 14. Qe2 Qb6 15. Rab1
Rfc8 16. Rfc1 Bb7 17. Nd2 a5 18. Nxc4 dxc4 19. Bxb7 Qxb7 20. Na2 axb4 21. Nxb4
Bxb4 22. axb4 Ra2 23. Qe1 Ne4 24. h4 h6 25. f3 c3 26. fxe4 Qxe4 27. Qe2 Rc4 28.
Qg2 cxb2 0-1

[Event "Titled Tue 24th Jun Early"]
[Site "chess.com INT"]
[Date "2025.06.24"]
[Round "6"]
[White "Abdsattar, Alisher"]
[Black "Emeliantsev, Anatoliy"]
[Result "1-0"]
[WhiteTitle "CM"]
[BlackTitle "FM"]
[WhiteElo "2030"]
[BlackElo "2359"]
[WhiteFideId "13749358"]
[BlackFideId "4160681"]
[EventDate "2025.06.24"]

1. e4 c5 2. Nf3 Nc6 3. Bb5 e6 4. Bxc6 bxc6 5. b3 Ne7 6. e5 Ng6 7. Bb2 Be7 8. d3
O-O 9. Nbd2 f6 10. Qe2 fxe5 11. Nxe5 Nf4 12. Qg4 h5 13. Qg3 Bh4 14. Qf3 Bxf2+
15. Qxf2 Nxd3+ 16. Nxd3 Rxf2 17. Nxf2 Qg5 18. O-O-O a5 19. Ne4 Qh6 20. a4 c4 21.
bxc4 d5 22. Nd6 Ba6 23. c5 Qe3 24. Rhe1 Qxc5 25. Rxe6 Bd3 26. c3 Rb8 27. Nf3 Bh7
28. Rd2 Qxc3+ 29. Kd1 Qb3+ 30. Ke1 Qxa4 31. Re7 Be4 32. Rxg7+ Kf8 33. Ng5 Re8
34. Rf2+ 1-0

[Event "Titled Tue 24th Jun Early"]
[Site "chess.com INT"]
[Date "2025.06.24"]
[Round "6"]
[White "Shangin, Lev"]
[Black "Huseynova, Lala"]
[Result "1/2-1/2"]
[BlackTitle "WFM"]
[WhiteElo "2169"]
[BlackElo "2045"]
[WhiteFideId "55681085"]
[BlackFideId "13431781"]
[EventDate "2025.06.24"]

1. Nf3 c5 2. g3 Nc6 3. Bg2 d5 4. O-O g6 5. d3 Bg7 6. e4 dxe4 7. dxe4 Qxd1 8.
Rxd1 Bg4 9. c3 Ne5 10. Nbd2 Rd8 11. Re1 Nd3 12. Rf1 Nxc1 13. Raxc1 Bh6 14. Rcd1
Nf6 15. h3 Bxf3 16. Nxf3 Rxd1 17. Rxd1 Nxe4 18. Ne5 Nd6 19. Nd3 b6 20. Bc6+ Kf8
21. Ne5 Kg7 22. f4 Rc8 23. Bd7 Rd8 24. Bg4 Nb7 25. Re1 e6 26. Bf3 Nd6 27. Rd1
Nb7 28. Re1 Nd6 29. Nc6 Rd7 30. Rd1 g5 31. Ne5 Rd8 32. Nc6 Rd7 33. Ne5 Rd8 34.
Nc6 Rd7 1/2-1/2

[Event "Titled Tue 24th Jun Early"]
[Site "chess.com INT"]
[Date "2025.06.24"]
[Round "6"]
[White "Alvarez Leon, Luis"]
[Black "Babayeva, Nasrin"]
[Result "1-0"]
[WhiteTitle "FM"]
[BlackTitle "WFM"]
[WhiteElo "2178"]
[BlackElo "1936"]
[WhiteFideId "3600351"]
[BlackFideId "13416626"]
[EventDate "2025.06.24"]

1. Nf3 d5 2. d4 Nf6 3. c4 dxc4 4. Nc3 e6 5. e3 c5 6. Bxc4 a6 7. O-O b5 8. Bb3
Bb7 9. Qe2 Nbd7 10. Rd1 Qc7 11. a4 c4 12. Bc2 b4 13. d5 bxc3 14. dxe6 fxe6 15.
Ng5 Qe5 16. f4 cxb2 17. Bxb2 Qc5 18. Nxe6 Qc6 19. Nd4 Qd5 20. Nb5 Qc6 21. Nd4
Qd5 22. Nf5 Qc6 23. Kh1 O-O-O 24. Rab1 Nb6 25. Be5 Nxa4 26. Nd4 Qe8 27. Rxb7
Kxb7 28. Qf3+ Kb6 29. Rb1+ Kc5 30. Qb7 Rc8 31. Qb4+ Kd5 32. Qb7+ Kc5 33. Bxa4
Qxa4 34. Qxc8+ Kd5 35. Qb7+ 1-0

[Event "Titled Tue 24th Jun Early"]
[Site "chess.com INT"]
[Date "2025.06.24"]
[Round "6"]
[White "Samunenkov, Ihor"]
[Black "Dilanyan, Grigor"]
[Result "1-0"]
[WhiteTitle "GM"]
[BlackTitle "FM"]
[WhiteElo "2562"]
[BlackElo "2191"]
[WhiteFideId "14187086"]
[BlackFideId "13303570"]
[EventDate "2025.06.24"]

1. e4 e5 2. Nf3 Nc6 3. Bb5 a6 4. Ba4 Bc5 5. O-O Nge7 6. c3 Ng6 7. d4 Ba7 8. Be3
O-O 9. Nbd2 d6 10. h3 Bd7 11. Re1 Qe8 12. Bc2 h6 13. a3 Kh7 14. Nf1 Nce7 15. Ng3
Rd8 16. Qc1 f6 17. Nf5 Nxf5 18. exf5 Ne7 19. dxe5 Bxe3 20. Qxe3 dxe5 21. Nxe5
Bxf5 22. Nd3 Nd5 23. Qf3 Qg6 24. g4 h5 25. Qxf5 Qxf5 26. gxf5 Kh6 27. Nc5 Rfe8
28. Ne6 Rd7 29. Rad1 Rd6 30. Be4 c6 31. c4 1-0

[Event "Titled Tue 24th Jun Early"]
[Site "chess.com INT"]
[Date "2025.06.24"]
[Round "6"]
[White "Burovic, Rijad"]
[Black "Materia, Marco"]
[Result "1-0"]
[WhiteTitle "IM"]
[BlackTitle "IM"]
[WhiteElo "2420"]
[BlackElo "2489"]
[WhiteFideId "14407701"]
[BlackFideId "45150451"]
[EventDate "2025.06.24"]

1. e4 c6 2. d4 d5 3. e5 Bf5 4. h4 h5 5. c4 e6 6. Nc3 Nd7 7. cxd5 exd5 8. Bd3 Ne7
9. Bg5 Bg4 10. f3 Be6 11. Nge2 Qb6 12. Na4 Qa5+ 13. Bd2 Qc7 14. Rc1 Nf5 15. Qc2
g6 16. Bg5 Be7 17. Bxe7 Kxe7 18. Qd2 Kf8 19. b4 Kg7 20. Kf2 Rae8 21. Bxf5 Bxf5
22. Ng3 Be6 23. Qf4 a5 24. b5 Rc8 25. bxc6 bxc6 26. Nc5 Nxc5 27. Rxc5 Rb8 28.
Qf6+ Kh7 29. Rhc1 Rb2+ 30. R1c2 Rhb8 31. Ne2 Rxc2 32. Rxc2 Qd7 33. Nf4 Rb4 34.
Rd2 a4 35. g4 hxg4 36. h5 Bf5 37. h6 Kxh6 38. Kg3 Kh7 39. Rh2+ Kg8 40. Rh8# 1-0

[Event "Titled Tue 24th Jun Early"]
[Site "chess.com INT"]
[Date "2025.06.24"]
[Round "6"]
[White "Shafer, Logan C"]
[Black "Kravtsiv, Martyn"]
[Result "0-1"]
[WhiteTitle "CM"]
[BlackTitle "GM"]
[WhiteElo "2217"]
[BlackElo "2598"]
[WhiteFideId "30993342"]
[BlackFideId "14113147"]
[EventDate "2025.06.24"]

1. e4 e5 2. Nf3 Nc6 3. Bb5 a6 4. Ba4 Nf6 5. O-O Be7 6. d3 b5 7. Bb3 d6 8. a3 O-O
9. Nc3 Bg4 10. Be3 Nd4 11. Bxd4 exd4 12. Nd5 Nxd5 13. Bxd5 Rb8 14. h3 Bd7 15.
Nh2 c6 16. Ba2 a5 17. f4 a4 18. b4 axb3 19. Bxb3 Be6 20. Nf3 c5 21. f5 Bxb3 22.
cxb3 d5 23. e5 Re8 24. g4 Bg5 25. Qc2 Be3+ 26. Kg2 Qc7 27. Rfe1 Rec8 28. Re2 h6
29. Rae1 Ra8 30. Qb2 c4 31. bxc4 bxc4 32. dxc4 dxc4 33. Nxd4 c3 34. Qb4 Rcb8 35.
Nb5 Qc6+ 36. Kg3 Rxb5 37. Qe7 Bc5 38. Qh4 Rxa3 39. f6 c2+ 40. Kh2 Bg1+ 41. Kxg1
c1=Q 42. fxg7 Qg5 43. Qxg5 hxg5 44. e6 fxe6 45. Rf2 Qc5 46. Rf1 Rb2 47. h4 Qe3
48. hxg5 e5 49. g6 e4 50. g5 Qg3+ 51. Kh1 Qh3+ 52. Kg1 Rg3+ 53. Rg2 Rgxg2# 0-1

[Event "Titled Tue 24th Jun Early"]
[Site "chess.com INT"]
[Date "2025.06.24"]
[Round "6"]
[White "Fichter, Fabian"]
[Black "Dighton, Simon"]
[Result "0-1"]
[WhiteTitle "FM"]
[BlackTitle "CM"]
[WhiteElo "2235"]
[BlackElo "2237"]
[WhiteFideId "24613258"]
[BlackFideId "408603"]
[EventDate "2025.06.24"]

1. e4 c5 2. Nf3 d6 3. d4 cxd4 4. Nxd4 Nf6 5. Nc3 g6 6. f3 Bg7 7. Be3 O-O 8. Bc4
Nc6 9. Bb3 Bd7 10. Qd2 Qa5 11. O-O-O Rfc8 12. Kb1 Ne5 13. Nd5 Qxd2 14. Bxd2 Kf8
15. Ne3 b5 16. Bc1 a5 17. a3 Nc4 18. h4 h5 19. Nd5 Nxd5 20. exd5 Rab8 21. Ne2 a4
22. Ba2 b4 23. axb4 Rxb4 24. Bxc4 Rcxc4 25. Rd3 Bf5 26. Rd2 a3 27. b3 Rxb3+ 28.
Ka2 Rb7 29. Bxa3 Bxc2 30. Rb1 Bxb1# 0-1

[Event "Titled Tue 24th Jun Early"]
[Site "chess.com INT"]
[Date "2025.06.24"]
[Round "6"]
[White "Ivashentseva, Dominika"]
[Black "Kozlov, Oleg"]
[Result "0-1"]
[WhiteTitle "WCM"]
[BlackTitle "IM"]
[WhiteElo "1969"]
[BlackElo "2253"]
[WhiteFideId "34331050"]
[BlackFideId "4104544"]
[EventDate "2025.06.24"]

1. d4 Nf6 2. c4 e6 3. Nf3 d5 4. g3 Nc6 5. Bg2 Bd6 6. cxd5 exd5 7. O-O O-O 8. Nc3
Re8 9. Bg5 Be6 10. e4 dxe4 11. Nxe4 Be7 12. Nxf6+ Bxf6 13. Bxf6 Qxf6 14. Ne5
Nxe5 15. dxe5 Qxe5 16. Bxb7 Rab8 17. Bc6 Red8 18. Qf3 Qxb2 19. Rab1 Qxb1 20.
Rxb1 Rxb1+ 21. Kg2 Rdd1 22. Qa3 Rbc1 23. Qxa7 g5 24. Qb8+ Kg7 25. Qb2+ f6 26.
Qb4 Rxc6 27. Qe7+ Bf7 28. h4 gxh4 29. gxh4 Rd5 30. f3 Ra5 31. Kg3 Rxa2 32. h5 h6
33. Qe4 Rc5 34. Qg4+ Rg5 35. Qxg5+ hxg5 0-1